| 000 | 00440nam a22001097a 4500 | ||
|---|---|---|---|
| 008 | 151013b xxu||||| |||| 00| 0 eng d | ||
| 020 | _a000000000394 | ||
| 082 | _a330.06 78 MPA | ||
| 100 | _aMPANGALA GAUDENS, P | ||
| 245 |
_aMAJOR ISSUES IN TANZANIA ECONOMIC HISTORY: _bSTAE POLICIES AND THE QUESTION OF TRANSFORMATION OF PEASANT AGRICULTURE THROUGH A HUNDRED YEARS, 1891-1990 |
||
| 260 |
_aDAR ES SALAAM _bINSTITUTE OF KISWAHILI RESEARCH _c2000 |
||
| 999 |
_c3538 _d3538 |
||